[Event "EICC 2019"]
[Site "Skopia"]
[Date "2019.03.20"]
[Round "3.10"]
[White "Tsydypov, Zhamsaran"]
[Black "Piorun, Kacper"]
[Result "0-1"]
[WhiteElo "2551"]
[BlackElo "2631"]
[Annotator "TA"]
[PlyCount "50"]
[EventDate "2019.03.18"]
[EventType "swiss"]
[EventCountry "MKD"]
[SourceTitle "playchess.com"]
[Source "ChessBase"]
[SourceQuality "1"]

{[%evp 17,50,-13,41,-12,-21,-14,-23,-72,-83,-151,-148,-219,-207,-207,-168,-176,-166,-448,-345,-339,-303,-429,-413,-421,-411,-667,-667,-1103,-1119,-1112,-1103,-1257,-1222,-29988,-2031]} 1. e4 e5 2. Nf3 Nc6 3. d4 exd4 4. Nxd4 Nf6 5. Nxc6 bxc6 6. e5 Qe7 7. Qe2 Nd5 8. c4 Ba6 9. b3 O-O-O ({Black should try} 9... g6 $11) 10. Qb2 {C45: Scotch Game} ({White should play} 10. Bb2 $14) (10. g3 f6 11. Bg2 fxe5 12. O-O Nf6 13. Bb2 e4 14. Qd2 Kb7 15. Nc3 d5 16. Rfd1 Qe6 17. Na4 Be7 18. cxd5 Rxd5 19. Qe3 Rhd8 20. Re1 Bb5 21. Bxf6 Bxf6 {½-½ (44) Iljiushenok,I (2519)-Kobalia,M (2596) Sochi 2017}) 10... Nb6 $1 $11 11. Be2 Re8 12. f4 {Black has an edge.} f6 {[%cal Rf6e5]} 13. a4 $146 ({Better is} 13. O-O) ({Predecessor:} 13. c5 Bxe2 14. cxb6 Ba6 15. bxa7 Kb7 16. Kd1 fxe5 17. fxe5 Qxe5 18. Qxe5 Rxe5 19. Nc3 Bc5 20. Kc2 Ra8 21. Rd1 d5 22. g3 d4 23. Bf4 Rh5 {0-1 (23) Mathes,W (2015)-Kruchem,P (2113) GER email 2002}) 13... fxe5 $17 14. O-O (14. fxe5 $17 Qxe5 15. Qxe5 Rxe5 16. Kd1) 14... exf4 $19 15. Nc3 {[#]} Nd5 $1 {[%mdl 512]} 16. cxd5 (16. Nxd5 cxd5) 16... Bxe2 17. Rf2 $2 (17. Nxe2 {was called for.} Qxe2 18. Qxe2 Rxe2 19. dxc6) 17... Ba6 {( -> ...Qe1+)} 18. Bxf4 Qb4 {White must now prevent ...Bc5.} 19. Kh1 ({Much weaker is} 19. dxc6 Bc5 $19) (19. d6 $142) 19... Bc5 20. Rf3 Rhf8 21. Qc1 (21. Qd2 $142 cxd5 22. Qc1) 21... g5 22. Bxg5 Rxf3 23. gxf3 Bd4 24. Bd2 Qf8 {[%cal Rf8f3] [#]} 25. f4 Qg7 {Accuracy: White = 10%, Black = 91%.} (25... Qf5 $142 26. dxc6 Qh3 27. Qg1 Bxg1 28. Kxg1 Rg8+ 29. Kf2 Qg2+ {[%mdl 64] Double Attack} 30. Ke3 Re8+ 31. Kd4 Qxd2+ {[%mdl 64] Double Attack} 32. Kc5 Qd6#) 0-1

[Event "EICC 2019"]
[Site "Skopia"]
[Date "2019.03.20"]
[Round "3.11"]
[White "Kadric, Denis"]
[Black "Rakhmanov, Aleksandr"]
[Result "1/2-1/2"]
[WhiteElo "2547"]
[BlackElo "2629"]
[Annotator "TA"]
[PlyCount "64"]
[EventDate "2019.03.18"]
[EventType "swiss"]
[EventCountry "MKD"]
[SourceTitle "playchess.com"]
[Source "ChessBase"]
[SourceQuality "1"]

{[%evp 9,64,26,26,24,16,14,26,37,30,38,20,5,31,14,21,14,19,25,18,15,22,8,31,21,55,55,59,57,67,57,56,62,59,64,53,35,33,33,27,30,41,0,0,0,0,0,0,0,0,0,0,0,0,0,0,0,0]} 1. e4 d5 2. exd5 Qxd5 3. Nf3 Bg4 4. Be2 Nc6 5. h3 (5. c4 Qf5 6. d4 O-O-O 7. Be3 Nf6 8. Nbd2 e6 9. h3 Bxf3 10. Nxf3 Bb4+ 11. Kf1 e5 12. g4 Qd7 13. dxe5 {0-1 (36) Tomashevsky,E (2705)-Kovalenko,I (2657) St Petersburg 2018}) 5... Bxf3 6. Bxf3 {B01: Scandinavian Defence} Qe6+ 7. Qe2 Nd4 8. Qxe6 {White has an edge.} Nxf3+ 9. gxf3 fxe6 10. Nc3 Nh6 $146 ({Predecessor:} 10... Nf6 11. Ne4 Nxe4 12. fxe4 g6 {1-0 (33) Sadzikowski,D (2480)-Grafl,F (2403) Germany 2015}) 11. Ne4 Nf5 12. c3 e5 13. d3 g6 14. Ke2 Bg7 15. Be3 b6 16. a4 {[%cal Ba2a4,Ba4a5][%mdl 32]} Kd7 17. h4 Bf6 18. h5 Ke6 19. a5 (19. Rag1 {is more complex.} Kf7 20. Rg4 c5 21. Kd2 Rag8 22. a5) 19... Ng7 20. hxg6 hxg6 21. Rxh8 (21. Rhg1 {feels hotter.} Kf7 22. Rg4 Nf5 23. b4 Nd6 24. Kd2) 21... Rxh8 22. axb6 axb6 23. Ra7 Rc8 24. c4 Nf5 25. Nc3 (25. b4 {seems wilder.} Bg7 26. Ng5+ Kf6 27. c5 bxc5 28. Ra6+) 25... Nd4+ {The position is equal.} 26. Bxd4 exd4 $11 {[%mdl 4096] Endgame KRB-KRN} 27. Ne4 Be5 28. b4 Rh8 29. Ra1 Bf4 30. b5 Kf7 31. Nd2 g5 32. Ne4 Ke6 {Accuracy: White = 46%, Black = 73%.} 1/2-1/2

[Event "EICC 2019"]
[Site "Skopia"]
[Date "2019.03.20"]
[Round "3.12"]
[White "Kobalia, Mikhail"]
[Black "Sychev, Klementy"]
[Result "1/2-1/2"]
[WhiteElo "2627"]
[BlackElo "2545"]
[Annotator "TA"]
[PlyCount "51"]
[EventDate "2019.03.18"]
[EventType "swiss"]
[EventCountry "MKD"]
[SourceTitle "playchess.com"]
[Source "ChessBase"]
[SourceQuality "1"]

{[%evp 24,51,11,-9,-6,-6,0,-10,-10,-15,-2,-2,0,0,0,-7,0,0,0,-2,-9,-22,-19,-11,-7,-28,35,0,28,-9]} 1. e4 c5 2. Nf3 e6 3. d4 cxd4 4. Nxd4 Nc6 5. Nc3 Qc7 6. Be3 a6 7. Be2 Nf6 8. O-O Be7 9. f4 d6 10. Kh1 O-O 11. Qe1 Nxd4 12. Bxd4 b5 13. a3 Nd7 {B85: Sicilian Scheveningen: 6 Be2 a6, lines with early Be3} (13... Bb7 14. Qg3 Rad8 15. Rae1 Qd7 16. Bd3 Nh5 17. Qg4 Nf6 18. Qg3 Nh5 19. Qg4 Nf6 20. Qg3 Nh5 21. Qg4 Nf6 22. Qg3 {½-½ (24) Andreikin,D (2712)-Grischuk,A (2772) Huaian 2017}) 14. Rd1 Bb7 15. Bf3 (15. Rd2 {seems wilder.} Rad8 16. Qf2 Bf6 17. Rfd1 e5 18. fxe5 Bxe5 19. Bxe5 Nxe5 20. Qd4) 15... e5 {The position is equal.} 16. Be3 exf4 17. Bxf4 Ne5 18. Be2 Rfe8 19. Qg3 Rad8 20. Be3 $146 ({Predecessor:} 20. Bh5 Ng6 21. Be3 Bh4 22. Qf3 {0-1 (49) Hagymasi,J (2113)-Gjuran,D (2275) Hungary 2005}) 20... Bf8 21. Qf2 {With the idea Bb6.} Rc8 22. Rd4 Qd7 23. Bf4 Rc7 24. h3 Qc8 (24... Nc4 $11) 25. Bg3 Re6 26. Rfd1 {Accuracy: White = 51%, Black = 69%.} 1/2-1/2

[Event "EICC 2019"]
[Site "Skopia"]
[Date "2019.03.20"]
[Round "3.13"]
[White "Paravyan, David"]
[Black "Zhigalko, Andrey"]
[Result "1/2-1/2"]
[WhiteElo "2627"]
[BlackElo "2541"]
[Annotator "TA"]
[PlyCount "87"]
[EventDate "2019.03.18"]
[EventType "swiss"]
[EventCountry "MKD"]
[SourceTitle "playchess.com"]
[Source "ChessBase"]
[SourceQuality "1"]

{[%evp 9,87,27,56,36,39,39,40,31,34,40,40,18,11,11,43,11,9,8,3,0,0,0,0,0,0,0,0,-17,10,0,0,0,0,-22,0,0,0,0,0,0,0,0,60,11,11,11,11,0,0,0,0,0,0,0,0,0,0,0,0,0,10,10,10,10,10,10,10,10,10,10,10,10,10,10,10,10,10,10,11,0]} 1. e4 e5 2. Nf3 Nc6 3. Bb5 a6 4. Ba4 b5 5. Bb3 g6 6. a4 {C70: Ruy Lopez: 3...a6 4 Ba4, Norwegian and Delayed Schliemann} b4 7. d4 exd4 8. Nxd4 {White is slightly better.} Na5 9. Ba2 Bg7 10. c3 Rb8 11. O-O Ne7 12. cxb4 $146 ({Predecessor:} 12. Bg5 h6 13. Bh4 {½-½ (41) Kozionov,K (2460)-Grachev,B (2626) Moscow 2019}) 12... Nac6 13. Nc2 Nxb4 14. Nxb4 Rxb4 {[%mdl 64] [#] Double Attack} 15. Bd2 (15. Nc3 {seems wilder.} O-O 16. Bg5 Qe8 17. Qc1 Bb7 18. f3) 15... Rxb2 16. Bc3 Bxc3 17. Nxc3 O-O 18. Qc1 Rb6 19. a5 Rc6 20. Qe3 d6 21. f4 Be6 22. f5 gxf5 23. Bxe6 fxe6 24. exf5 exf5 ({But not} 24... Rxf5 $6 25. Qxe6+ Kh8 26. Rxf5 $18) 25. Ne2 {Strongly threatening Nd4.} Rc5 (25... Qd7 $11) 26. Nf4 {[%mdl 1024] [#] Threatens to win with Ne6. White has compensation.} Re5 $1 {[%cal Re5e3] The position is equal.} 27. Qg3+ Kh8 28. Rae1 {Black must now prevent Rxe5.} Qd7 29. Qc3 Qc6 30. Qa1 Kg8 31. Rxe5 dxe5 32. Qxe5 {And now Ne6 would win.} Ng6 33. Qe6+ (33. Qd4 {feels hotter.} Rf7 34. Qd8+ Rf8 35. Qd4) 33... Qxe6 34. Nxe6 $11 {[%mdl 4096] Endgame KRN-KRN} Re8 35. Nxc7 Re5 36. Ra1 Ne7 $1 37. Nxa6 {Hoping for Nc7.} Nc6 38. Rc1 Nxa5 39. Nc5 Nc6 40. Nd3 Re6 41. Nf4 Rd6 42. Rc5 Ne7 43. Kf2 Rc6 44. Rxc6 {Accuracy: White = 61%, Black = 89%.} 1/2-1/2

[Event "EICC 2019"]
[Site "Skopia"]
[Date "2019.03.20"]
[Round "3.14"]
[White "Van Foreest, Lucas"]
[Black "Indjic, Aleksandar"]
[Result "1-0"]
[WhiteElo "2515"]
[BlackElo "2620"]
[Annotator "TA"]
[PlyCount "75"]
[EventDate "2019.03.18"]
[EventType "swiss"]
[EventCountry "MKD"]
[SourceTitle "playchess.com"]
[Source "ChessBase"]
[SourceQuality "1"]

{[%evp 22,75,46,34,43,18,24,27,27,0,27,23,27,21,0,9,43,34,39,28,32,11,41,6,14,0,4,0,80,46,153,159,143,158,167,158,156,157,164,1,1,3,1,2,8,8,8,0,29982,29983,29983,29984,29992,29993,29995,29996]} 1. d4 Nf6 2. c4 c5 3. d5 g6 4. Nc3 Bg7 5. e4 d6 6. Nf3 O-O 7. Bd3 e6 8. O-O exd5 9. exd5 Bg4 10. h3 Bxf3 11. Qxf3 Nbd7 12. Qd1 Nh5 {E90: King's Indian: Classical: Early deviations and 6 h3} (12... Re8 13. Bf4 Ne5 14. Be2 a6 15. Qc2 Nfd7 16. Rae1 f5 17. Bd2 Qh4 18. Nd1 f4 19. f3 Nf7 20. Nf2 Bd4 {0-1 (31) Alekseev,E (2636)-Bologan,V (2640) Sochi 2016}) 13. Bd2 f5 14. f4 Qh4 $146 {White must now prevent ...Bd4+.White has an edge.} ({Predecessor:} 14... Bd4+ 15. Kh2 Qf6 16. Qf3 Rae8 17. Rae1 Ng7 18. Bc2 Nb6 19. b3 Nd7 20. g3 {½-½ (40) Danner,G (2408)-Webersberger,J (2380) Austria 2012}) 15. Be1 Qd8 16. Kh2 a6 17. Bd2 Bd4 18. Qf3 Ng7 19. Rab1 Bf6 20. g4 fxg4 21. Qxg4 Bd4 22. Ne2 b5 23. cxb5 axb5 24. Bxb5 Nf6 (24... Nf5 $11) 25. Qg2 $1 $16 Rxa2 ({Black should try} 25... Nf5 $14) 26. Nxd4 cxd4 27. f5 $1 {[%cal Rf5g6]} Qb6 {[#]} 28. Bd3 $1 Qb3 29. Rf3 {aiming for Bh6.} Rxb2 30. fxg6 $2 (30. Rxb2 $18 Qxb2 31. fxg6) 30... Rxb1 $11 31. gxh7+ Nxh7 ({Don't blunder} 31... Kh8 $2 32. Bh6 $18) 32. Bxh7+ {[%mdl 64] Discovered Attack} Kxh7 33. Rxf8 {Qe4+ would kill now.} Qd3 34. Bh6 $40 {[%csl Gh6][%cal Rg2g7][%mdl 128] White attacks.} Nh5 $2 {[%mdl 8192] [#]} (34... Rb7 $11) 35. Qg8+ $1 {White mates.} Kxh6 36. Qe6+ {[%mdl 64] Double Attack} Kh7 37. Qe7+ Ng7 38. Qh4+ {Accuracy: White = 52%, Black = 52%.} 1-0

[Event "EICC 2019"]
[Site "Skopia"]
[Date "2019.03.20"]
[Round "3.15"]
[White "Vocaturo, Daniele"]
[Black "Arizmendi Martinez, Julen Luis"]
[Result "1/2-1/2"]
[WhiteElo "2616"]
[BlackElo "2506"]
[Annotator "TA"]
[PlyCount "141"]
[EventDate "2019.03.18"]
[EventType "swiss"]
[EventCountry "MKD"]
[SourceTitle "playchess.com"]
[Source "ChessBase"]
[SourceQuality "1"]

{[%evp 19,141,31,33,33,30,32,29,13,14,18,31,30,41,23,25,40,39,23,47,0,14,22,33,20,15,28,22,28,34,42,56,45,50,48,44,50,29,23,20,20,15,15,16,15,15,14,16,16,16,16,16,17,18,14,15,0,17,18,18,18,18,0,0,0,0,0,0,0,0,0,0,0,0,0,0,0,0,0,0,0,0,0,0,0,0,0,0,0,0,0,0,0,0,0,7,0,0,0,0,0,0,0,0,0,0,0,0,0,0,0,0,0,0,0,0,0,0,0,0,0,0,0,0,0]} 1. e4 c6 2. d4 d5 3. exd5 cxd5 4. Bd3 Nc6 5. c3 Nf6 6. Bf4 Bg4 7. Qb3 Qd7 8. Nd2 e6 9. Ngf3 Bd6 10. Bxd6 Qxd6 11. O-O {B13: Caro-Kann: Exchange Variation and Panov-Botvinnik Attack} O-O 12. Rfe1 Nd7 (12... Ne7 13. Ne5 Bf5 14. Bf1 Rab8 15. a4 Ne4 16. Nxe4 Bxe4 17. a5 f6 18. Nd3 Bxd3 19. Bxd3 {½-½ (45) Anand,V (2768)-Mamedyarov,S (2801) Saint Louis 2018}) 13. Qc2 {White has an edge.} g6 14. Re3 $146 ({Predecessor:} 14. h3 Bf5 15. Nf1 b5 16. Ng3 Bxd3 17. Qxd3 b4 18. Qe3 bxc3 19. bxc3 {1-0 (27) Ljuboschiz,A-Veresov,G Minsk 1970}) 14... Bxf3 15. Nxf3 e5 16. dxe5 Ndxe5 17. Nxe5 Nxe5 18. Be2 f5 19. Qd1 f4 20. Re4 f3 21. Bxf3 Nxf3+ {[%mdl 64] [#] Discovered Attack} 22. gxf3 Rf5 23. Rg4 Raf8 24. Rg3 Qb6 25. Qe2 d4 26. cxd4 Qxd4 27. Rd1 Qe5 28. Qxe5 Rxe5 $11 {[%mdl 4096] Endgame KRR-KRR} 29. Rd2 {The position is equal.} Kg7 30. Rd7+ Rf7 31. Rxf7+ Kxf7 {KR-KR} 32. Rg4 Re2 33. Rf4+ Kg7 34. Rb4 b6 35. Kg2 Rc2 36. a4 Kf6 37. Rf4+ Kg7 38. b4 a6 39. Rd4 Ra2 40. b5 axb5 41. axb5 {aiming for Rd6.} Rb2 42. Rd5 Kf7 43. Re5 Kf6 44. f4 Rb3 45. h4 h5 46. Rg5 Rb4 47. Kg3 Rb3+ 48. f3 Rb1 49. Rd5 {Black must now prevent Rd6+.} Ke6 50. Re5+ Kf6 $1 51. Rg5 Rg1+ 52. Kf2 Rb1 53. Kg2 Rb2+ 54. Kg3 Rb1 55. f5 gxf5 56. Rxh5 {[#] Hoping for Rh6+.} Kg6 57. Rg5+ Kf6 58. f4 Rb3+ 59. Kg2 Rb2+ 60. Kh3 Rb3+ 61. Kg2 Rb2+ 62. Kf3 Rb3+ 63. Kf2 Rb2+ 64. Kg3 Rb3+ 65. Kh2 Rb2+ 66. Kh3 Rb3+ 67. Rg3 Rxg3+ 68. Kxg3 Kg6 69. Kh3 Kh5 70. Kg3 Kg6 71. Kh3 {Accuracy: White = 62%, Black = 83%.} 1/2-1/2

[Event "EICC 2019"]
[Site "Skopia"]
[Date "2019.03.20"]
[Round "3.16"]
[White "Chigaev, Maksim"]
[Black "Zajic, Milan"]
[Result "1-0"]
[WhiteElo "2613"]
[BlackElo "2485"]
[Annotator "TA"]
[PlyCount "65"]
[EventDate "2019.03.18"]
[EventType "swiss"]
[EventCountry "MKD"]
[SourceTitle "playchess.com"]
[Source "ChessBase"]
[SourceQuality "1"]

{[%evp 21,65,0,26,6,16,2,31,26,20,17,7,27,16,26,65,64,63,41,103,85,117,106,143,52,328,327,338,336,632,587,880,870,863,870,989,962,29986,29987,29985,29986,29983,1382,1369,1364,1282,1265]} 1. Nf3 Nf6 2. g3 d5 3. Bg2 e6 4. O-O Be7 5. b3 O-O 6. c4 b6 7. Bb2 Bb7 8. e3 dxc4 9. bxc4 c5 10. Nc3 Nc6 11. Qe2 Rc8 12. Rad1 {A14: English Opening: 1...e6 with b3 by White} Qc7 13. Ne1 a6 (13... Ne8 14. f4 Nd6 15. Nf3 a6 16. a4 f5 17. d3 Bf6 18. h3 Nb4 19. g4 g6 {1-0 (31) Artemiev,V (2709)-Nakamura,H (2749) Caleta 2019}) 14. f4 {White is slightly better.} Na5 15. g4 Bxg2 16. Nxg2 Qb7 $146 ({Predecessor:} 16... Ne8 17. d3 Qc6 18. a4 Nc7 19. f5 exf5 20. Rxf5 {½-½ (27) Mueller,M (2174)-Leuranguer,Y (2297) Germany 2014}) 17. f5 Nd7 18. Nf4 Qc6 19. Nh5 Rce8 (19... Bd6 $14) 20. d3 $16 b5 21. Ne4 $36 {[%mdl 2048] White is in control.} f6 22. Qg2 (22. fxe6 $16 Qxe6 23. g5) 22... Rf7 $2 {[%mdl 8192] [#]} ({Black should play} 22... e5 $14) 23. g5 $18 exf5 24. gxf6 ({Don't do} 24. Rxf5 Bd6 $18) 24... Bf8 $2 (24... fxe4 25. cxb5 axb5) 25. Rxf5 g6 26. cxb5 Qxb5 27. Rg5 {Threatens to win with Rxg6+!} Qa4 28. Rf1 {Black must now prevent Rxg6+!} Qxa2 {[#]} 29. Rxg6+ $1 {[%mdl 512]} hxg6 30. Qxg6+ Bg7 31. Ng5 (31. Nxg7 $142 Nf8 32. Qg2 Qxb2 33. Qxb2 Rxe4 34. Qg2 Kh8 35. dxe4 Nc4 36. Nf5) 31... Nf8 32. Qxf7+ Qxf7 33. Nxf7 {Accuracy: White = 60%, Black = 27%.} 1-0

[Event "EICC 2019"]
[Site "Skopia"]
[Date "2019.03.20"]
[Round "3.17"]
[White "Baron, Tal"]
[Black "Svane, Rasmus"]
[Result "1/2-1/2"]
[WhiteElo "2506"]
[BlackElo "2610"]
[Annotator "TA"]
[PlyCount "53"]
[EventDate "2019.03.18"]
[EventType "swiss"]
[EventCountry "MKD"]
[SourceTitle "playchess.com"]
[Source "ChessBase"]
[SourceQuality "1"]

{[%evp 10,53,14,8,12,0,8,0,2,2,0,-4,0,0,0,0,0,0,0,0,5,7,0,-61,-61,-64,0,0,0,0,0,0,0,0,0,0,0,0,0,0,18,0,0,0,0,0]} 1. d4 d5 2. Nf3 Nf6 3. Bf4 e6 4. e3 Bd6 5. Bxd6 Qxd6 6. c4 O-O {D02: 1 d4 d5 2 Nf3 sidelines, including 2...Nf6 3 g3 and 2...Nf6 3 Bf4} (6... c5 7. cxd5 Nxd5 8. e4 Ne7 9. Na3 O-O 10. Nc4 Qf4 11. dxc5 Qxe4+ 12. Be2 Na6 13. Rc1 Nxc5 14. Qd6 {1-0 (51) Nabaty,T (2690)-Rakhmanov,A (2655) Batumi 2018}) 7. c5 Qe7 8. Nc3 b6 9. b4 a5 10. a3 $1 axb4 11. axb4 Rxa1 12. Qxa1 Nc6 $146 ({Predecessor:} 12... bxc5 13. bxc5 Nc6 {0-1 (27) Plichta,K (2002)-Kaska,W (1759) Poland 2007}) 13. Qa4 Bb7 14. Bb5 Ne4 (14... Ra8 $5 15. Qb3 $8 Ra1+ 16. Nb1 Qf8 $11) 15. Qb3 Rb8 {[%cal Rb6c5]} 16. Bxc6 ({White should try} 16. O-O $11) 16... Bxc6 $15 17. Ne5 Qe8 (17... Be8 $1 $15 18. Nxe4 dxe4) 18. Nxc6 {The position is equal.} Qxc6 19. Nxe4 dxe4 $11 {[%mdl 4096] Endgame KQR-KQR} 20. O-O bxc5 21. Rc1 Qb5 22. Rxc5 Qd3 23. Rc3 Qd2 {[%cal Rd2e1] [#]} 24. h3 h5 25. Qc2 Qxc2 $1 26. Rxc2 Rxb4 27. Rxc7 {Accuracy: White = 70%, Black = 86%.} 1/2-1/2

[Event "EICC 2019"]
[Site "Skopia"]
[Date "2019.03.20"]
[Round "3.18"]
[White "Golubka, Petro"]
[Black "Gordievsky, Dmitry"]
[Result "1/2-1/2"]
[WhiteElo "2468"]
[BlackElo "2603"]
[Annotator "TA"]
[PlyCount "187"]
[EventDate "2019.03.18"]
[EventType "swiss"]
[EventCountry "MKD"]
[SourceTitle "playchess.com"]
[Source "ChessBase"]
[SourceQuality "1"]

{[%evp 18,187,31,9,12,7,23,6,6,6,7,0,0,0,0,-22,-6,-27,0,12,11,-56,-65,-64,-62,-64,-70,-61,-60,-66,-64,-95,-88,-76,-79,-109,-102,-130,-137,-160,-72,-75,-56,-54,-19,-43,-20,-71,-29,-29,-43,-43,8,10,41,32,44,47,100,-41,0,0,0,-60,0,0,0,0,0,0,0,0,8,8,8,8,17,25,352,61,78,8,8,10,77,12,126,101,90,72,88,68,77,100,269,163,220,156,352,240,228,252,251,251,247,227,250,231,254,249,251,250,337,333,254,195,583,548,509,71,71,71,71,71,71,70,65,0,0,0,0,0,0,0,0,0,0,0,0,0,0,0,0,0,0,0,0,0,0,0,0,0,0,0,0,0,0,0,0,0,0,0,0,0,0,0,0,0,0,0,0,0]} 1. e4 c5 2. Nf3 Nc6 3. d4 cxd4 4. Nxd4 Nf6 5. Nc3 e5 6. Ndb5 d6 7. Nd5 Nxd5 8. exd5 Ne7 9. c4 Nf5 10. Bd3 {White wants to play Qa4.} g6 {B33: Sicilian: Pelikan and Sveshnikov Variations} 11. Qa4 Bd7 12. Qb4 Be7 13. O-O O-O 14. Bxf5 $146 ({Predecessor:} 14. a4 a6 15. Nc3 b6 16. f4 Nd4 17. Be3 Bf5 18. Ne4 {0-1 (39) Ivanovic,Z (2203)-Ljubicic,L (2445) ICCF email 2006}) 14... Bxf5 15. Be3 b6 16. Rad1 g5 17. a4 a5 18. Qa3 Bg6 19. b4 ({White has to play} 19. g3 $1 $11) 19... axb4 $15 20. Qxb4 f5 21. f3 f4 22. Bf2 h5 23. Nc3 Rb8 $1 24. Ra1 g4 25. Kh1 Kh8 26. Rg1 Rg8 27. fxg4 hxg4 28. g3 f3 (28... Qf8 $142 29. gxf4 Qxf4) 29. Rge1 Bf5 30. Nd1 Bf6 31. Ne3 Bd3 {aiming for ...e4.} 32. Qd2 Bh7 33. a5 bxa5 34. Rxa5 Rb7 (34... e4 $15 35. Nd1 Rb3) 35. c5 $11 e4 36. Nc4 dxc5 37. Rxc5 Rb3 (37... e3 $14 38. Bxe3 (38. Qxe3 Re7 $11) 38... Rb3) 38. Rc6 (38. Qf4 $16 Rf8 39. d6) 38... Rd3 (38... Bg7 $5 {[%cal Rb3d3]}) 39. Qf4 Rf8 {White must now prevent ...Bc3.} 40. Bb6 (40. Bc5 $11 f2 41. Qxf2 Qxd5 {[%mdl 64] Double Attack} 42. Ne3 Qxc6 43. Bxf8) 40... f2 (40... Bc3 $15 41. Bxd8 Rxf4 42. gxf4 Bxe1 43. Bf6+ Kg8) 41. Qxf2 Bc3 42. Qc5 (42. Bxd8 Rxf2 43. Rc8 Bg8 $19) 42... Qe8 43. Nd6 Qe7 44. Rc8 Rxc8 (44... Bxe1 $2 {[#]} 45. Nf7+ $1 {[%mdl 512]} Qxf7 46. Rxf8+ Kg7 47. Rxf7+ Kxf7 48. Qc7+ Kg8 49. Qb8+ Kg7 50. Qa7+ Kg8 51. Bd4 $18) 45. Qxc8+ {[%mdl 64] [#] Double Attack} Bg8 $132 {[%mdl 2048] Black is not holding back} 46. Nf5 Qf6 47. Rf1 Be5 $2 {[%mdl 8192]} (47... e3 $1 $11 {and Black is okay.} 48. Bxe3 Qe5) 48. Be3 $2 (48. Qe8 $18 Bb2 49. Ne3) 48... Rxd5 $14 49. Qe8 ({Better is} 49. Kg1 $16 Qe6 50. Qa8) 49... Bc3 $11 50. Qxe4 Qg6 (50... Be6 $11 51. Bg5 Qg6) 51. Kg1 ({White should try} 51. Qf4 $16 Qf6 52. Nh6 (52. Qxg4 Bh7 $11) 52... Qxf4 53. Rxf4 (53. gxf4 Be6 $14) (53. Bxf4 Be6 $11) 53... Rd1+ 54. Kg2 Bd5+ 55. Kf2) 51... Rd7 (51... Qe6 $11 {keeps the balance.} 52. Qxe6 (52. Qxg4 Bh7 $11) 52... Bxe6) 52. Qf4 Rf7 53. Bd4+ Bxd4+ 54. Qxd4+ Kh7 55. Qc5 Qg5 $2 (55... Qe6 $16) 56. Rf4 Rb7 (56... Qf6 {might work better.} 57. h3 Qa1+ 58. Kh2 Qa7) 57. h4 Qd8 $2 (57... Rb1+ $16 58. Kf2 Rb2+ 59. Ke3 Rb3+ 60. Kd2 Qg6 61. Qa7+ Bf7) 58. Ne3 Rb1+ 59. Nf1 Qb6 60. Qxb6 Rxb6 61. Rxg4 $18 {[%mdl 4096] Endgame KRB-KRN} Rb2 62. Rd4 Kh6 63. Ne3 Bf7 64. g4 Ba2 65. Rd6+ Kh7 66. h5 Bb1 $2 (66... Re2) 67. g5 Be4 68. Kf1 $2 (68. Re6 $18 Bd3 69. Ng4) 68... Rb5 $16 69. g6+ Kh6 70. Ng4+ Kxh5 71. g7 Bh7 72. Rh6+ (72. Nf6+ $14 Kg6 73. g8=Q+ Bxg8 74. Nxg8+ Kf5 75. Ke2) 72... Kxg4 $11 {The position is equal.} 73. Rxh7 {KR-KR} Rf5+ $1 74. Kg2 Rg5 75. Kf2 Rf5+ $1 76. Ke3 Re5+ $1 77. Kd4 Rg5 78. Rh1 Kf3 $1 79. Rf1+ Kg2 $1 {[%cal Rg2f1]} 80. Rf7 {Threatens to win with Ke4.} Kh3 81. Ke4 Kg3 82. Rd7 {Ra7 is the strong threat.} Kg4 83. Rd1 {Intending Rg1+ and mate.} Kh3 $1 84. Rd7 Kg4 85. Ra7 {Hoping for Rb7.} Kg3 $1 86. Rb7 {And now Rf7 would win.} Kg4 87. Rb1 {Threatening mate with Rg1+.} Kh3 $1 88. Rh1+ Kg2 89. Rh7 Kg3 90. Kd4 Kf4 91. Rh4+ Kf3 92. Rh3+ Kf4 93. Rh1 {Rf1+ would kill now.} Rxg7 94. Rf1+ {Accuracy: White = 52%, Black = 49%.} 1/2-1/2